000 00416nam a22001697a 4500
003 MPLRDC
005 20220104174445.0
008 210129b ||||| |||| 00| 0 eng d
020 _a1-85501-391-6
082 _a949 VAIZ
100 _aMARINA VAIZEY
245 _a100 FAMOUS PAINTINGS
_c
260 _a
_bTIGER BOOKS INTERNATIONAL LONDON
_c
300 _b
650 _a西洋画各派
942 _cBK
_o949 VAIZ
999 _c59879
_d59869